Datum a čas kvízu
19
Celkem bodů
Celkový počet nahraných bodů na tomto kvízu bez doplňovacích otázek.
6.
Pořadí na kvízu
Konečné umístění týmu na tomto kvízu.
Zaznamenané odpovědi
| # | Otázka | Odpověď | Body | Výsledky |
|---|---|---|---|---|
| 1. | V minulých dnech byl zveřejněn... | 0 | ||
| 2. | V severoitalské Pavii byl v mi... | 0 | ||
| 3. | Která naše televizní stanice o... | 1 | ||
| 4. | Švýcarská společnost Nestlé pr... | 0 | ||
| 5. | Slávističtí fotbalisté v 3. př... | 0 | ||
| 5. | Mezi první zdravotní úkony, kt... | 0 | ||
| 7. | Rodičovský příspěvek navazuje... | 1 | ||
| 8. | Jedním z velkých výrobců potře... | 0 | ||
| 5. | Kolik je vývojových fází dětst... | 1 | ||
| 10. | Na závěr si dovolíme jeden osl... | 0 |